005040000a22001570004500003001100000008004100011040003900052041000800091100001800099100002000117100002300137245010100160260005800261300001000319650001700329LK-CoMWRAF230817t ||||| |||| 00| 0 eng d aLK-CoMWRAFdLK-CoMWRAFeLK-CoMWRAF aeng aLafir, A.L.M. aMarikar, A.I.L. aMarkar, A.H. Macan aSri Lanka Yonakawarunge Atheetha Piyasatahanb(Glimpses from the past of the Moors of Sri Lanka) bMoors Islamic Cultural HomeaColombo 01 (Sri Lanka)c ap.256 aSinhala Text